000 00290nam a22001337a 4500
082 _a894.812.3
_bLUI/V
100 _aMANJALI, LOOIS
245 _aVALAYIL KUDUNGIYA MUKKUVAN
260 _aTHRISSUR
_bMMB PUBLISHERS
_c2008
300 _a148
520 _aNOVEL
650 _aNOVEL
942 _cBK
999 _c4894
_d4894